[Event "Bassano del Grappa op 5th"]
[Site "Bassano del Grappa"]
[Date "2005.12.28"]
[Round "4"]
[White "Caruso, Augusto"]
[Black "Cacco, Christian"]
[Result "1-0"]
[WhiteElo "2244"]
[BlackElo "2393"]
[PlyCount "65"]
[EventDate "2005.12.26"]
[EventType "swiss"]
[EventRounds "5"]
[EventCountry "ITA"]
[SourceTitle "EXT 2007"]
[Source "ChessBase"]
[SourceDate "2006.11.23"]
[SourceVersion "1"]
[SourceVersionDate "2006.11.23"]
[SourceQuality "1"]

1. Nc3 f5 2. e4 d6 3. Bc4 Nf6 4. d3 Nc6 5. a4 Ne5 6. Ba2 fxe4 7. dxe4 Bg4 8. f3 Bh5 9. Nge2 Bf7 10. f4 Nc6 11. Bxf7+ Kxf7 12. f5 e5 13. fxe6+ Kxe6 14. Nd5 Kd7 15. 0-0 Be7 16. b4 Ne5 17. Bb2 Nxd5 18. exd5 Bf6 19. Nf4 Kc8 20. Ne6 Qd7 21. b5 b6 22. Qe2 a6 23. a5 Qxb5 24. Qxb5 axb5 25. axb6 Kb7 26. bxc7 Rxa1 27. Rxa1 Nd7 28. Bxf6 gxf6 29. Rb1 Ra8 30. Rxb5+ Kc8 31. Rb3 Ra2 32. Rc3 Ra5 33. Rg3 1-0

[Event "Padova Weekend op-B 8th"]
[Site "Padova"]
[Date "2005.12.18"]
[Round "5.4"]
[White "Cacco, Christian"]
[Black "Quaranta, Cristiano"]
[Result "0-1"]
[WhiteElo "2393"]
[BlackElo "2026"]
[PlyCount "90"]
[EventDate "2005.12.10"]
[EventType "swiss"]
[EventRounds "6"]
[EventCountry "ITA"]
[SourceTitle "EXT 2024"]
[Source "ChessBase"]
[SourceDate "2023.10.10"]
[SourceVersion "1"]
[SourceVersionDate "2023.10.10"]
[SourceQuality "1"]

1. d4 d5 2. Nf3 Nf6 3. c4 dxc4 4. Nc3 c6 5. e3 Bg4 6. Bxc4 e6 7. h3 Bh5 8. g4 Bg6 9. Qb3 Qb6 10. Qxb6 axb6 11. Ne5 Nbd7 12. Nxg6 hxg6 13. Be2 Bb4 14. Bd2 e5 15. dxe5 Nxe5 16. g5 Nd5 17. f4 Bxc3 18. bxc3 Nd7 19. e4 Nc7 20. Kf2 Nc5 21. Bf3 Ra4 22. Kg2 0-0 23. Rhb1 Nxe4 24. Bxe4 Rxe4 25. Kf3 Re7 26. Rxb6 Rd8 27. Re1 Rd3+ 28. Kg4 Ne6 29. Re2 Red7 30. Be1 Kf8 31. a4 Ke7 32. Rb4 f5+ 33. gxf6+ gxf6 34. f5 gxf5+ 35. Kxf5 R7d5+ 36. Kg4 f5+ 37. Kh4 Rd7 38. Kh5 Kf7 39. Bh4 Rxh3 40. Re5 Ng7+ 41. Kg5 Rxc3 42. Bf2 Ne6+ 43. Kh4 Kf6 44. Re3 Rh7+ 45. Kg3 f4+ 0-1